000 00512nam a2200205Ia 4500
005 20260429112109.0
008 260429s9999||||xx |||||||||||||| ||und||
020 _a9781032436180
041 _aEnglish
082 _a579.2
_bSAC
100 _aSachin Kumar
245 0 _aTextbook of general virology /
_cSachin Kumar
250 _a1st ed.
260 _aBoca Raton :
_bCRC Press,
_c2025.
300 _aviii, 196 p.; pbk
650 _a Structure
650 _a Viruses
650 _aVirology
942 _cTB
999 _c52338
_d52338